00367nam a2200121Ia 4500008004100000020005500041040000800096082001800104100002400122245008000146260000900226264001000235231129s1988||||xx |||||||||||||| ||spa|| a958-9004-01-6  bspa a946.042 G633p aGomez Hoyos Rafael 0aEl Pontificado en la historia de America : Pensamiento Social de la Iglesia c1988 aKelly